1766 1374 1345 1717 1304 1947 1528 1659 1466 1567 1528 1456 1746 1010 1483 1239 1692 1858 1400 1011 1548 1752 1096 1834 1652 1959 1761 1440 1614 1179 1402 1345 1031 1130 1777 1136 1099 1399 1300 1760 1634 1131 1132 1902 1022 1844 1500 1517 1392 1964 1790 1492 1989 1085 1124 1240 1563 1153 1943 1441 1136 1389 1474 1167 1553 1034 1230 1231 1418 1508 1161 1300 1120 1419 1509 1028 1145 1280 1323 1485 1578 1219 1045 1028 1768 1006 1285 1654 1761 1468 1934 1915 1914 1698 1643 1112 1703 1029 1782 BCNSPRNW ULIB Ver.6.0+V

เปลี่ยนเป็นภาษาไทย

Change to English
 แสดงรายละเอียดบรรณานุกรม
  กลับหน้าหลัก

Brief Record : Get Marc (ISO 2709) : E-mail record : QR code < ปิดหน้าต่าง
LEADER : 00000nam 2200000uu 4500
001    13399111359
003     ULIB
008    110623s2551||||th 000 0 tha d
020    7989741034352
060  4 QU325^bพ349บ 2551
100 0  พระพรหมคุณาภรณ์(ป.อ.ปยุตโต)
245 00 บาปไฮเทคดัดแปลงชีวิตฝืนลิขิตธรรมชาติ/^cโดย,พระพรหมคุณาภรณ์(ป.อ.ปยุตโต),เชิดชัย เลิศจิตรเลขา,อรุณ บุญชม
250    พิมพ์ครั้งที่ 1
260    กรุงเทพฯ:^bกรีน-ปัญญาญาณ,^c2551
300    184 หน้า
650  7 โคลนนิ่ง
650  7 เสต็มเซลล์
650  7 ตัดต่อยีน
650  7 จีโนม
700 0  เชิดชัย เลิศจิตรเลขา
700 0  อรุณ บุญชม
945    ^p129^l0^i15726
995    กัณชพร
999    ^aใช้งานได้ทุกระบบ
รายการนี้ยังไม่มีแท็ก
คุณยังไม่ได้ล็อกอิน คุณสามารถมีกิจกรรมร่วมกับเว็บไซต์ได้ แต่ต้องล็อกอินก่อน ::
  ล็อกอิน

รายการสื่อสารสนเทศ

ลำดับที่ ประเภท เลขเรียก/บาร์โค้ด สถานที่ สถานะ
1. วิทยาศาสตร์การแพทย์ และสุขภาพ
วิทยาศาสตร์การแพทย์ และสุขภาพ
QU325 พ349บ 2551  
  Barcode: 15726
ห้องสมุดวิทยาเขตสวรรค์ประชารักษ์
►ส่วนจัดเก็บหนังสือเก่า สปร
บนชั้น
  ขอยืม

รายการใกล้เคียง
    ผู้แต่ง [พระพรหมคุณาภรณ์(ป.อ.ปยุตโต)]

    หัวเรื่อง [โคลนนิ่ง]
    หัวเรื่อง [เสต็มเซลล์]
    หัวเรื่อง [ตัดต่อยีน]
    หัวเรื่อง [จีโนม]

BibComment


ยังไม่เคยถูกคอมเมนท์

คอมเมนท์ทรัพยากรรายการนี้
  คอมเมนท์: บาปไฮเทคดัดแปลงชี..


 Copyright 2026. Bcnsprnw @Library